| 000 | 00664nam a2200205Ia 4500 | ||
|---|---|---|---|
| 008 | 131103s9999 xx 000 0 und d | ||
| 020 | _a0416086802 (pbk) - SBN 416086765 (hbk) | ||
| 040 | _aLoreto College | ||
| 041 | _aEnglish | ||
| 082 |
_a370.942/LAW _bLCLIB/Copy 2 |
||
| 100 | _aLawson,John | ||
| 245 | 2 |
_aA social history of education in England _cJohn Lawson & Harold Silver |
|
| 260 |
_aLondon _bMethuen & Co. _c1973 (1978 printing) |
||
| 300 |
_axii,502 p. _b illus. _c 23 cm. |
||
| 504 | _aIncludes bibliographical references and index | ||
| 650 | _aGreat Britain - Educational History | ||
| 700 | _aSilver,Harold | ||
| 850 | _aLCLIB | ||
| 942 | _cBK | ||
| 999 |
_c11000 _d61479 |
||